Complete the geographical name (5) - Statistics

General Stats
  • This quiz has been taken 106 times
  • The average score is 10 of 20
Answer Stats
Hint Answer % Correct
Mel bourne
94%
Beij ing
92%
Manil a
86%
Well ington
86%
Tir ana
82%
Palm Springs
79%
Nor wich
76%
Den ver
68%
Can ton
59%
Pres idente Prudente
55%
Geel ong
41%
Sand hurst
40%
Lim burg
29%
Hav ant
28%
Tong shan
28%
Mont rose
24%
Nant erre
21%
Whit stable
21%
Arl es
18%
Malt by
12%
No matching quizzes found
Score Distribution
Percent of People with Each Score
Percentile by Number Answered
Your Score History
You have not taken this quiz